[Event "EU-Cup (Women) 25th"]
[Site "Struga"]
[Date "2021.09.20"]
[Round "3.2"]
[White "Solozhenkina, Elizaveta"]
[Black "Vidic, Teja"]
[Result "1-0"]
[WhiteElo "2311"]
[BlackElo "2172"]
[PlyCount "125"]
[EventDate "2021.09.18"]
[EventType "team-tourn"]
[EventRounds "7"]
[EventCountry "MKD"]
[SourceTitle "CBM 204 Extra"]
[Source "ChessBase"]
[SourceDate "2021.11.30"]
[SourceVersion "1"]
[SourceVersionDate "2021.11.30"]
[SourceQuality "1"]
[WhiteTeam "South Ural Cheliabinsk (W)"]
[BlackTeam "Ljubljana Tajfun (W)"]
[WhiteTeamCountry "RUS"]
[BlackTeamCountry "SLO"]

1. e4 e5 2. Nf3 Nc6 3. Bb5 a6 4. Ba4 Nf6 5. 0-0 Be7 6. Re1 b5 7. Bb3 0-0 8. c3 d5 9. exd5 Nxd5 10. Nxe5 Nxe5 11. Rxe5 c6 12. d3 Bd6 13. Re1 Bf5 14. Qf3 Qf6 15. Bxd5 cxd5 16. Bf4 Bxf4 17. Qxf4 d4 18. Qxd4 Qxd4 19. cxd4 Rfd8 20. Nc3 Rxd4 21. Rad1 Rad8 22. a3 h6 23. f3 Bxd3 24. Rd2 Bf5 25. Rxd4 Rxd4 26. Rd1 Rc4 27. Kf2 Kf8 28. Rd6 Be6 29. Rb6 Ke7 30. Ke3 Bc8 31. Kd3 Kd7 32. a4 Rc6 33. Rxc6 Kxc6 34. axb5+ axb5 35. b4 Be6 36. Kd4 Bc4 37. Nd1 Kd6 38. Ne3 Be6 39. h4 Bd7 40. Nd5 Bc6 41. Ne3 Bd7 42. Nf1 g5 43. hxg5 hxg5 44. Ng3 f5 45. Ne2 Be6 46. Nc3 Bd7 47. Nd5 Bc6 48. Ne3 Bd7 49. Nd1 Be6 50. Nf2 Bc4 51. Nh3 Bf1 52. Nxg5 Bxg2 53. f4 Bd5 54. Nh7 Bc6 55. Nf6 Ke6 56. Kc5 Bf3 57. Ne8 Kf7 58. Nd6+ Kg6 59. Nxb5 Kh5 60. Kd4 Kg4 61. Ke5 Be2 62. Nd6 Bd3 63. b5 1-0

[Event "EU-Cup (Women) 25th"]
[Site "Struga"]
[Date "2021.09.18"]
[Round "1.1"]
[White "Trippold, Denise"]
[Black "Solozhenkina, Elizaveta"]
[Result "0-1"]
[WhiteElo "2046"]
[BlackElo "2311"]
[PlyCount "96"]
[EventDate "2021.09.18"]
[EventType "team-tourn"]
[EventRounds "7"]
[EventCountry "MKD"]
[SourceTitle "CBM 204 Extra"]
[Source "ChessBase"]
[SourceDate "2021.11.30"]
[SourceVersion "1"]
[SourceVersionDate "2021.11.30"]
[SourceQuality "1"]
[WhiteTeam "Baden Erste Bank (W)"]
[BlackTeam "South Ural Cheliabinsk (W)"]
[WhiteTeamCountry "AUT"]
[BlackTeamCountry "RUS"]

1. d4 Nf6 2. c4 e6 3. g3 d5 4. Bg2 dxc4 5. Nf3 a6 6. 0-0 Nc6 7. e3 Rb8 8. Nfd2 e5 9. Nxc4 exd4 10. exd4 Nxd4 11. Re1+ Be7 12. Be3 Ne6 13. Qc2 0-0 14. Rd1 Qe8 15. Nc3 b6 16. Ne5 Bb7 17. Bxb7 Rxb7 18. Ne4 c5 19. a4 Qc8 20. Rac1 Nxe4 21. Qxe4 Rc7 22. Nc4 Qb7 23. Qf5 Bf6 24. Ne5 Re8 25. Nc4 Rb8 26. b3 Rd7 27. Nd6 Qc6 28. Ne4 Bb2 29. Rb1 Bd4 30. Qf3 Qd5 31. h4 Rbd8 32. Kh2 f5 33. Ng5 Qxf3 34. Nxf3 Bxe3 35. Rxd7 Rxd7 36. fxe3 Rd3 37. Ne5 Rxe3 38. Nd7 b5 39. axb5 axb5 40. Rb2 Rd3 41. Ne5 Re3 42. Nd7 b4 43. Kg2 Rc3 44. Rf2 Rxb3 45. Rxf5 Rc3 46. Rd5 b3 47. Rd6 Kf7 48. Rb6 c4 0-1